| 000 | 00784nam a2200205 a 4500 | ||
|---|---|---|---|
| 008 | 120416s1997 ||||||||||||||||| || u | ||
| 020 | _a0821339346 | ||
| 050 | _aIBRD(08) | ||
| 100 | _aOliver, Raylynn | ||
| 245 | 1 | 0 | _aModel living standards measurements study survey questionnaire for the countries of the former Soviet |
| 260 |
_aWashington, D.C.: _bWorld Bank _c1997 |
||
| 300 | _axi, 119p. : ill. | ||
| 350 | _a0.00 | ||
| 490 | _aLSMS Working Papers | ||
| 650 | _aCOST AND STANDARD OF LIVING--FORMER SOVIET REPUBLICS | ||
| 650 | _aSTANDARDS | ||
| 650 | 0 | _aSOCIAL SURVEYS--FORMER SOVIET REPUBLICS | |
| 710 | _aWorld Bank | ||
| 995 |
_D0.00 _FCBU-MAIN LIBRARY (Kitwe) _H1 _I0.00 _M1 _UAVAILABLE _ZInternational Publications |
||
| 999 |
_c51373 _d51373 |
||